000
00280nam a2200109Ia 4500
008
200302s9999 xx 000 0 und d
100
_a
Yu-tung liu Aleppozone
245
_a
Demonstrating digital Architecture
260
_b
Birchauser Switzerland
260
_c
2005
300
_a
228 P.,
999
_c
5767
_d
5767